00000000cam 2200000zi 4500
0019.955427
003CaOODSP
00520251209105839
006m     o  d f      
007cr cn|||||||||
008250917e20251108oncd    obs  f000 0 fre d
020 |a9780660790107
040 |aCaOODSP|bfre|erda|cCaOODSP
043 |an-cn---
0861 |aCS89-657/2025-7F-PDF
1001 |aKalhor, Sadjad, |eauteur.
24510|aPortrait des populations sud-asiatiques au Canada : |bdiversité et résultats socioéconomiques / |cpar Sadjad Kalhor, Alejandro Paez Silva et Jane Badets.
264 1|a[Ottawa] : |bStatistique Canada = Statistics Canada, |cle 8 décembre 2025.
264 4|c©2025
300 |a1 ressource en ligne (52 pages) : |bgraphiques.
336 |atexte|btxt|2rdacontent/fre
337 |ainformatique|bc|2rdamedia/fre
338 |aressource en ligne|bcr|2rdacarrier/fre
4901 |a[Série thématique sur l'ethnicité, la langue et l'immigration], |x2371-5014
500 |aTitre de départ.
500 |aMention de collection fournie par Statistique Canada.
500 |aPublié aussi en anglais sous le titre : Portrait of the South Asian populations in Canada : diversity and socioeconomic outcomes.
504 |aComprend des références bibliographiques (pages 51-52).
520 |a« Le présent portrait fournit une analyse descriptive des caractéristiques démographiques et socioéconomiques des populations sud-asiatiques au Canada, principalement fondée sur les données du Recensement de la population de 2021. Les personnes qui ont déclaré être sud-asiatiques dans le cadre du Recensement de 2021 ont différentes origines ethnoculturelles et divers lieux de naissance, dont le Canada, et elles présentent des caractéristiques démographiques distinctes et des résultats socioéconomiques variés » -- Page 4.
650 6|aSud-Asiatiques|zCanada|vStatistiques.
650 6|aSud-Asiatiques|zCanada|xConditions sociales|vStatistiques.
650 6|aSud-Asiatiques|zCanada|xConditions économiques|vStatistiques.
655 7|aStatistiques|2rvmgf
7102 |aStatistique Canada, |eorganisme de publication.
77508|tPortrait of the South Asian populations in Canada : |w(CaOODSP)9.955426
830#0|aSérie thématique sur l'ethnicité, la langue et l'immigration (Statistique Canada)|x2371-5014|w(CaOODSP)9.824154
85640|qPDF|s1.16 Mo|uhttps://publications.gc.ca/collections/collection_2025/statcan/89-657-x/89-657-x2025007-fra.pdf
8564 |qHTML|sS.O.|uhttps://www150.statcan.gc.ca/n1/pub/89-657-x/89-657-x2025007-eng.htm
986 |a89-657-X2025007